000 00255nam a2200097Ia 4500
001 704840
005 20250826162418.0
008 250824s9999 xx 000 0 und d
245 0 _aDEDE KORKUT HİKAYELERİ
_cİBRAHİM DEMİRCİ
260 _bKÜLTÜR YAYINLARI
999 _c704840
_d704840